000 00508nam a2200181Ia 4500
999 _c30967
_d30967
003 OSt
005 20200724143228.0
008 190216s9999||||xx |||||||||||||| ||und||
020 _a8121902703
040 _coclc
082 _a515
_bNAR/C
100 _aNarayan, Shanti
_93723
245 2 _aA Course Of Mathematical Analysis /
_cShanti Narayan
260 _bS Chand & Co,
_c1987.
_aNew Delhi:
300 _a431p
650 _aMathematics
942 _cBK
_2ddc
_h515
_iNAR/C
_k515
_mNAR/C